书目信息 |
| 题名: |
刘白羽代表作
|
|
| 作者: | 朱兵 , 赵英 编 | |
| 分册: | ||
| 出版信息: | 河南文艺出版社 1998.05 |
|
| 页数: | 443页 | |
| 开本: | 32开 | |
| 丛书名: | ||
| 单 册: | ||
| 中图分类: | I211 | |
| 科图分类: | ||
| 主题词: | 文学--作品集--中国 | |
| 电子资源: | ||
| ISBN: | 7-80623-055-6 | |
| 000 | 00571nam0 2200205 45 | |
| 001 | 0009181961 | |
| 005 | 20000918190753.8 | |
| 010 | @a7-80623-055-6@d26.00元 | |
| 100 | @a20000918d1998 km y0chiy0120 ea | |
| 101 | 0 | @achi |
| 105 | @a z 000yy | |
| 200 | 1 | @a刘白羽代表作@ALiu Bai Yu Dai Biao Zuo@f朱兵,赵英编@FZhu Bing,Zhao Ying Bian |
| 210 | @c河南文艺出版社@d1998.05 | |
| 215 | @a443页@d32开 | |
| 606 | 0 | @a文学@x作品集@x中国 |
| 690 | @aI211@v3 | |
| 701 | 0 | @a朱兵@4编 |
| 701 | 0 | @a赵英@4编 |
| 801 | @aCN@bPftUser@c20000918 | |
| 905 | @b147374-375@dI211@eZH.469@f2 | |
| 刘白羽代表作/朱兵,赵英编.-河南文艺出版社,1998.05 |
| 443页;32开 |
| ISBN 7-80623-055-6:26.00元 |
| ● |
| 相关链接 |
|
|
|
正题名:刘白羽代表作
索取号:I211/ZH.469
 
预约/预借
| 序号 | 登录号 | 条形码 | 馆藏地/架位号 | 状态 | 备注 |
| 1 | 147374 | 201473743 | 文学库108/108文学库 12排8列4层/ [索取号:I211/ZH.469] | 在馆 | |
| 2 | 147375 | 201473752 | 文学库108/108文学库 12排8列4层/ [索取号:I211/ZH.469] | 在馆 |